Estatísticas para Ciências 9

Clique aqui para jogar o quiz

Estatísticas Gerais

  • Esse quiz foi jogado 16 vezes
  • A pontuação média é 4 de 16

Estatísticas das Respostas

HintResposta% Correto
Que nome damos á ciência que estuda a Terra, os seus materiais constituintes , a sua história e os processos que nela ocorrem?Geologia
87%
Que nome damos às rochas que se formam a partir do arrefecimento do magma, no interior da Terra ou à superfície?Magmática
67%
Que nome damos às rochas que se formam a partir de sedimentos de rochas preexistentes, da precipitação de constituintes dissolvidos na água ou a partir de seres vivos?Sedimentares
67%
Que nome damos às rochas que se formam a partir da alteração de rochas preexistentes devido à ação da temperatura e pressão elevadas?Metamórficas
47%
Que nome damos á ciência que estuda os minerais?Mineralogia
40%
Qual a rocha que encontramos nas paisagens magmáticas vulcânicas?Basalto
33%
Que nome damos á remoção dos fragmentos alterados da rocha original (sedimentos)?Erosão
33%
Que nome damos á acumulação dos sedimentos em estratos?Sedimentação
33%
Qual a rocha que encontramos nas paisagens magmáticas plutónicas?Granito
27%
Que nome damos ao ramo da geologia que estuda as rochas?Petrologia
13%
Que nome damos às rochas sedimentares que se formam a partir de restos de seres vivos?Biogénicas
0%
Que nome damos às rochas sedimentares que se formam a partir de fragmentos de rochas preexistentes?Detrícas
0%
Que nome damos á transformação dos sedimentos em rocha consolidada através da compactação e da cimentação?Diagénese
0%
Que nome damos às rochas sedimentares quimiogénicas que se formam através da evaporação da água do mar ou lagos salgados?Evaporitos
0%
Que nome damos às alterações químicas e físicas de rochas preexistentes que provocam a sua fragmentação?Meteorização
0%
Que nome damos às rochas sedimentares que se formam pela precipitação de constituintes dissolvidos em água?Quimiogénicas
0%

Distribuição das Pontuações

Percentil de Números Respondidos

Porcentagem de Pessoas com Cada Pontuação

Sua Pontuação Histórica

Você não jogou esse quiz